000 01623nam a22002895i 4500
001 156767
003 ES-MaACL
005 20251014063226.0
008 970605s1816 sp abf |||| | spa d
040 _aCARM
_bspa
_cCCPB | SIC
100 1 _aLaborde, Alexandre de,
_d1774-1842
_969247
245 1 0 _aItinerario descriptivo de las provincias de España y de sus islas y posesiones en el Mediterráneo
_b: con una sucinta idea de su situación geográfica, población, historia civil y natural ... /
_ctraduccion libre del que publicó en francés Mr Alexandro Laborde en 1809 [por Mariano de Cabrerizo y Bascuas] acompaña un atlas de 29 mapas.
260 _aValencia :
_bLibrería de Cabrerizo,
_c1816 (
_fen la Imprenta de Ildefonso Mompié)
300 _aXVI, 481, [16], 14, [4] p., 20 planos ;
_c22 cm.
594 _aEn el prólogo consta que el trad. es Mariano Cabrerizo.
594 _aTít. en portadilla: Itinerario descriptivo de España.
594 _aEl atlas tiene como tit.: Atlas del itinerario descriptivo de España.
597 _aLa mayoría de los mapas tienen hoja doble.
651 4 _aEspaña-
_xDescripción.
_98184
700 1 _aCabrerizo, Mariano,
_d1785-1868
_9126277
740 0 _aItinerario descriptivo de España.
740 0 _aAtlas del itinerario descriptivo de España.
852 _aES-MaACL
_jR-1729
_z-- Enc. piel con hierros
_q-- Contiene texto y atlas
_x Olim: F-823
856 _uhttp://bibliotecadigitalhispanica.bne.es:80/webclient/DeliveryManager?pid=2737532&custom_att_2=simple_viewer
_zIr a la página
999 _c156767
_d156767